Normal view
MARC view
Entry Personal Name
001 - CONTROL NUMBER
- control field: 33509
003 - CONTROL NUMBER IDENTIFIER
- control field: OSt
005 - DATE AND TIME OF LATEST TRANSACTION
- control field: 20211105135613.0
008 - FIXED-LENGTH DATA ELEMENTS
- fixed length control field: 211105|| aca||aabn | a|a d
040 ## - CATALOGING SOURCE
- Original cataloging agency: OSt
- Transcribing agency: OSt
100 ## - HEADING--PERSONAL NAME
- Personal name: Rutten, R. T., ed
670 ## - SOURCE DATA FOUND
- Source citation: Work cat.: (OSt): Centenary Commemortion of the Discovery of the Evershed Effect 2008 Dec. 2-5 33508, Magnetic coupling between the interior and atmosphere of the Sun, 2010